000 00373nam a2200157Ia 4500
008 230711s9999||||xx |||||||||||||| ||und||
041 _aENG
082 _a624
_bHU-G
100 _aHudman,Lloyd
245 0 _aGeography of travel and tourism
250 _a2nd Ed.
260 _c1990
_aNew York
_bJohn Wiley & Sons.Inc
300 _a473
650 _aArchitecture
942 _cBK
999 _c745
_d745